[Event "Online Olym Div3 D"]
[Site "Chess.com INT"]
[Date "2021.08.27"]
[Round "2.1"]
[White "Cabreja Lora, Suzette"]
[Black "Cielo, Lesley"]
[Result "1-0"]
[WhiteElo "1623"]
[BlackElo "1243"]
[PlyCount "37"]
[EventDate "2021.08.27"]
[EventType "team-tourn (rapid)"]
[EventRounds "9"]
[EventCountry "USA"]
[SourceTitle "CBM 204 Extra"]
[Source "ChessBase"]
[SourceDate "2021.11.30"]
[SourceVersion "1"]
[SourceVersionDate "2021.11.30"]
[SourceQuality "1"]
[WhiteTeam "Dominican Republic"]
[BlackTeam "Aruba"]
[WhiteTeamCountry "DOM"]
[BlackTeamCountry "ARN"]

1. e4 c5 2. Nf3 Nc6 3. d4 cxd4 4. Nxd4 d6 5. Nc3 g6 6. f3 Bg7 7. Be3 Nf6 8. Bc4 0-0 9. Qd2 e6 10. 0-0-0 a6 11. h4 h5 12. Kb1 b5 13. Bb3 Ne5 14. Bg5 Bb7 15. g4 hxg4 16. h5 gxf3 17. hxg6 Nxg6 18. Qh2 Qc7 19. Bxf6 1-0

[Event "Online Olym Div3 D"]
[Site "Chess.com INT"]
[Date "2021.08.27"]
[Round "1.5"]
[White "Cabreja Lora, Suzette"]
[Black "Quevedo, Andreina"]
[Result "1/2-1/2"]
[WhiteElo "1623"]
[BlackElo "1867"]
[PlyCount "86"]
[EventDate "2021.08.27"]
[EventType "team-tourn (rapid)"]
[EventRounds "9"]
[EventCountry "USA"]
[SourceTitle "CBM 204 Extra"]
[Source "ChessBase"]
[SourceDate "2021.11.30"]
[SourceVersion "1"]
[SourceVersionDate "2021.11.30"]
[SourceQuality "1"]
[WhiteTeam "Dominican Republic"]
[BlackTeam "Uruguay"]
[WhiteTeamCountry "DOM"]
[BlackTeamCountry "URU"]

1. e4 e5 2. f4 exf4 3. Nf3 Ne7 4. d4 d5 5. Nc3 dxe4 6. Nxe4 Ng6 7. Bc4 Be7 8. 0-0 0-0 9. Ne5 Bf5 10. Nxg6 Bxg6 11. Rxf4 Nc6 12. c3 a6 13. Bd3 Qd5 14. Qf3 Rad8 15. Nf2 Qxf3 16. Rxf3 b5 17. Bf4 Bd6 18. Bxd6 Rxd6 19. Ne4 Bxe4 20. Bxe4 Re8 21. Bxc6 Rxc6 22. Raf1 f6 23. a3 a5 24. d5 Rd6 25. Rd3 a4 26. Rfd1 Kf7 27. Rd4 h5 28. Kf2 Re5 29. c4 bxc4 30. Rxc4 Rexd5 31. Rxc7+ Kg6 32. Rxd5 Rxd5 33. Rc2 Rd3 34. Ke2 Rb3 35. g3 Kf5 36. Kf2 g5 37. Kg2 g4 38. h3 Kg5 39. h4+ Kf5 40. Kf2 Rf3+ 41. Kg2 Rb3 42. Kf2 Rf3+ 43. Kg2 Rb3 1/2-1/2

[Event "DOM-ch (Women)"]
[Site "Santo Domingo"]
[Date "2021.04.16"]
[Round "5"]
[White "Munoz Bonifacio, Julia Elena"]
[Black "Cabreja Lora, Suzette"]
[Result "0-1"]
[WhiteElo "1269"]
[BlackElo "1640"]
[PlyCount "90"]
[EventDate "2021.04.09"]
[EventType "swiss"]
[EventRounds "8"]
[EventCountry "DOM"]
[SourceTitle "CBM 202 Extra"]
[Source "ChessBase"]
[SourceDate "2021.07.31"]
[SourceVersion "1"]
[SourceVersionDate "2021.07.31"]
[SourceQuality "1"]

1. e4 c5 2. Bc4 e6 3. Nc3 Nc6 4. d3 d6 5. Nf3 Nf6 6. Bg5 Be7 7. 0-0 a6 8. a3 b5 9. Bb3 0-0 10. Qd2 Bb7 11. d4 cxd4 12. Nxd4 Nxd4 13. Qxd4 Qc7 14. Rae1 h6 15. Bh4 Rfd8 16. Qd3 Rac8 17. Re3 d5 18. exd5 Nxd5 19. Nxd5 Bxd5 20. Bxe7 Qxe7 21. Bxd5 Qc5 22. Re5 Rxd5 23. Rxd5 exd5 24. h3 Qxc2 25. Qxc2 Rxc2 26. Rd1 Rxb2 27. Rxd5 Rb3 28. a4 bxa4 29. Ra5 a3 30. Rxa6 Kf8 31. Kf1 Ke7 32. Ke1 Rb1+ 33. Kd2 Rb2+ 34. Kc3 Rxf2 35. Rxa3 Rxg2 36. Kc4 Re2 37. Kd5 g5 38. Ra7+ Kf6 39. Ra6+ Re6 40. Ra3 Kg6 41. Rg3 Re1 42. Rf3 f5 43. Rg3 f4 44. Rf3 Re3 45. Rxe3 fxe3 0-1

[Event "DOM-ch (Women)"]
[Site "Santo Domingo"]
[Date "2021.04.11"]
[Round "4"]
[White "Cabreja Lora, Suzette"]
[Black "Moronta Ramos, Dianelva Altagracia"]
[Result "1/2-1/2"]
[WhiteElo "1640"]
[BlackElo "1618"]
[PlyCount "40"]
[EventDate "2021.04.09"]
[EventType "swiss"]
[EventRounds "8"]
[EventCountry "DOM"]
[SourceTitle "CBM 202 Extra"]
[Source "ChessBase"]
[SourceDate "2021.07.31"]
[SourceVersion "1"]
[SourceVersionDate "2021.07.31"]
[SourceQuality "1"]

1. e4 c6 2. d4 d5 3. exd5 cxd5 4. c4 Nf6 5. Nc3 e6 6. Nf3 Bb4 7. Bd3 Nc6 8. cxd5 Bxc3+ 9. bxc3 Qxd5 10. c4 Qd8 11. Be3 0-0 12. 0-0 b6 13. Bg5 h6 14. Bh4 Bb7 15. d5 exd5 16. cxd5 Nb4 17. Bxf6 Qxf6 18. Bc4 Rad8 19. Qb3 Nxd5 20. Rad1 Rfe8 1/2-1/2

[Event "DOM-chT"]
[Site "Santiago de los Caballeros"]
[Date "2017.08.17"]
[Round "1.2"]
[White "Cabreja Lora, Suzette"]
[Black "Beato Garcia, Jezleel Izhar"]
[Result "1-0"]
[WhiteElo "1694"]
[BlackElo "1928"]
[PlyCount "97"]
[EventDate "2017.08.17"]
[EventType "team-swiss"]
[EventRounds "6"]
[EventCountry "DOM"]
[SourceTitle "EXT 2019"]
[Source "ChessBase"]
[SourceDate "2018.10.10"]
[SourceVersion "1"]
[SourceVersionDate "2018.10.10"]
[SourceQuality "1"]
[WhiteTeam "Monte Cristi"]
[BlackTeam "Monsenor Nouel"]
[WhiteTeamCountry "DOM"]
[BlackTeamCountry "DOM"]

1. e4 e6 2. d4 d5 3. Nc3 dxe4 4. Nxe4 Nd7 5. Nf3 Ngf6 6. Bg5 Be7 7. Nxf6+ Nxf6 8. Bd3 0-0 9. c3 b6 10. 0-0 Bb7 11. Re1 c5 12. dxc5 Bxc5 13. Qe2 h6 14. Bh4 Be7 15. Rad1 Qc7 16. Bg3 Qc6 17. Bb5 Qc8 18. Ne5 a6 19. Ba4 b5 20. Bb3 Nd5 21. Bc2 Bf6 22. Qd3 Rd8 23. Qh7+ Kf8 24. Qh8+ Ke7 25. Qh7 Rh8 26. Qd3 Rd8 27. Qe2 Bxe5 28. Qxe5 Kf8 29. Bh4 Re8 30. Rd4 f6 31. Qh5 f5 32. Qg6 Kg8 33. Qh5 Qc7 34. Qd1 Nf4 35. Rd7 Qc6 36. f3 Qc5+ 37. Bf2 Qc6 38. Rd6 Qc8 39. Bb3 Bd5 40. Bxd5 Nxd5 41. Qe2 Kf7 42. Qe5 Rb8 43. Bd4 Nf6 44. Qe3 Nd5 45. Qe5 Nf6 46. Qe3 g5 47. Qe5 Nh5 48. g4 Ke7 49. gxh5 1-0